000 00720nam a2200217Ia 4500
003 GCL
008 140319s9999 xx 000 0 ara d
040 _aGCL /
_cGCL
082 0 4 _a189.4
_bج ص
100 1 _aجعفر مرتضى العاملى
245 1 0 _aصراع الحرية فى عصر المفيد 349-408 هـ ق /
_cجعفر مرتضى العاملى
700 1 _aالمفيد محمد بن محمد بن النعمان
260 _a[S.N] :
_bدار السيرة ،
_c1994
300 _a129 ص
490 _a
650 0 4 _aالفلسفة الاسلامية
650 0 4 _aالحركات الفكرية عند المسلمين
650 0 4 _aالشيعة
650 0 4 _aالحرية
942 _2ddc
_cBK
999 _c37301
_d37301